000 00349nam a2200133Ia 4500
008 240624s9999 xx 000 0 und d
041 _aeng
082 _a658.4063 PAD
100 _aPADOVANI GICI
245 _aNUTELLA WORLD 50 YEARS OF INNOVATION
260 _c2014
_aNew York
_bRizzoli Ex Libris
300 _aviii, 308 p.; 22 cm.
365 _c
_b38
999 _c29122
_d29122